[Event "Las Palmas Insular-chT Pref-B"]
[Site "Las Palmas"]
[Date "2015.03.28"]
[Round "12.3"]
[White "Rivero Pena, Gara del Pino"]
[Black "Santiago Llanes, Jose Juan"]
[Result "0-1"]
[WhiteElo "1341"]
[BlackElo "1698"]
[PlyCount "120"]
[EventDate "2014.11.22"]
[EventType "team-tourn"]
[EventRounds "14"]
[EventCountry "ESP"]
[SourceTitle "EXT 2016"]
[Source "ChessBase"]
[SourceDate "2015.10.08"]
[SourceVersion "1"]
[SourceVersionDate "2015.10.08"]
[SourceQuality "1"]
[WhiteTeam "Pulido San Mateo II"]
[BlackTeam "Los Llanos Telde"]
[WhiteTeamCountry "ESP"]
[BlackTeamCountry "ESP"]

1. e4 d5 2. exd5 Qxd5 3. Nc3 Qa5 4. d4 Nf6 5. Bd2 c6 6. Nf3 Bf5 7. Bc4 e6 8. 0-0 Nbd7 9. Re1 Bb4 10. a3 Bxc3 11. Bxc3 Qc7 12. Nh4 Be4 13. Qd2 Nb6 14. Bb3 Bd5 15. Bxd5 cxd5 16. Nf5 0-0-0 17. Ne3 Ne4 18. Qd3 Nxc3 19. Qxc3 Qxc3 20. bxc3 Kb8 21. Rab1 Rc8 22. Rb3 Na4 23. Reb1 Rc7 24. Nd1 b6 25. Rb5 Rhc8 26. h3 Nxc3 27. Nxc3 Rxc3 28. a4 R8c6 29. a5 Kb7 30. g3 Rxc2 31. Kg2 R2c4 32. Rd1 Ka6 33. Rdb1 Rxd4 34. axb6 Rxb6 35. Rxb6+ axb6 36. Rc1 Rc4 37. Ra1+ Kb7 38. Kf3 b5 39. Rb1 b4 40. Ke3 Kb6 41. Ra1 b3 42. Rb1 Rb4 43. Kd2 Kb5 44. Kc3 Rc4+ 45. Kxb3 Rb4+ 46. Kc2 Rxb1 47. Kxb1 Kc4 48. Kc2 e5 49. Kd2 f5 50. Kc2 e4 51. Kd2 d4 52. h4 g6 53. Kc2 h6 54. Kd2 Kb3 55. Kc1 Kc3 56. Kd1 Kd3 57. Ke1 Kc2 58. Ke2 d3+ 59. Ke3 d2 60. Kf4 d1Q 0-1

[Event "Las Palmas Insular-chT Pref-B"]
[Site "Las Palmas"]
[Date "2015.02.28"]
[Round "8.4"]
[White "Julien Casteleiro, Ariel"]
[Black "Rivero Pena, Gara del Pino"]
[Result "1/2-1/2"]
[WhiteElo "1618"]
[BlackElo "1341"]
[PlyCount "80"]
[EventDate "2014.11.22"]
[EventType "team-tourn"]
[EventRounds "14"]
[EventCountry "ESP"]
[SourceTitle "EXT 2016"]
[Source "ChessBase"]
[SourceDate "2015.10.08"]
[SourceVersion "1"]
[SourceVersionDate "2015.10.08"]
[SourceQuality "1"]
[WhiteTeam "La Caja de Vecindario II"]
[BlackTeam "Pulido San Mateo II"]
[WhiteTeamCountry "ESP"]
[BlackTeamCountry "ESP"]

1. Nf3 d5 2. d4 e6 3. Bg5 Nf6 4. a3 c5 5. Nc3 Nc6 6. e4 Be7 7. dxc5 Nxe4 8. Nxe4 dxe4 9. Qxd8+ Nxd8 10. Bxe7 Kxe7 11. Nd2 f5 12. 0-0-0 Nc6 13. Bc4 Bd7 14. Rhe1 Rac8 15. f3 exf3 16. Nxf3 Nd8 17. b4 b6 18. Ne5 Bc6 19. b5 Be8 20. c6 Rf8 21. Nf3 Rf6 22. Bb3 Nf7 23. Re3 Nd6 24. a4 a6 25. Ng5 axb5 26. Nxe6 Ne4 27. Nd4 Bxc6 28. Nxc6+ Rcxc6 29. axb5 Rc5 30. Red3 Rd6 31. Rxd6 Nxd6 32. Re1+ Kf8 33. Re6 Nxb5 34. Rxb6 Nd4 35. Kb2 Ke7 36. Rb7+ Kf6 37. Rb6+ Ke5 38. Rb7 Kf6 39. Rb6+ Ke5 40. Rb7 Kf6 1/2-1/2